বাংলাদেশের ভূমি ব্যবস্থা ও সামাজিক সমস্যা: (Record no. 18026)
[ view plain ]
| 000 -LEADER | |
|---|---|
| fixed length control field | 01104nam a22002177a 4500 |
| 003 - CONTROL NUMBER IDENTIFIER | |
| control field | BDDh-ASL |
| 005 - DATE AND TIME OF LATEST TRANSACTION | |
| control field | 20231015025654.0 |
| 008 - FIXED-LENGTH DATA ELEMENTS--GENERAL INFORMATION | |
| fixed length control field | 200917b1981 ||||| b||| 00| 0 d |
| 040 ## - CATALOGING SOURCE | |
| Original cataloging agency | BDDh-ASL |
| Transcribing agency | BDDh-ASL |
| Modifying agency | BDDh-ASL |
| 041 ## - LANGUAGE CODE | |
| Language code of text/sound track or separate title | bengali |
| 082 ## - DEWEY DECIMAL CLASSIFICATION NUMBER | |
| Classification number | 300 |
| Item number | ISB |
| 100 ## - MAIN ENTRY--PERSONAL NAME | |
| 9 (RLIN) | 861 |
| Personal name | ইসলাম, সিরাজুল |
| 245 1# - TITLE STATEMENT | |
| Title | বাংলাদেশের ভূমি ব্যবস্থা ও সামাজিক সমস্যা: |
| Remainder of title | প্রবন্ধ সংগ্রহ; বর্ধিত দ্বিতীয় সংস্করণ/ |
| Statement of responsibility, etc. | সিরাজুল ইসলাম। |
| 246 ## - VARYING FORM OF TITLE | |
| Title proper/short title | Bangladesher Bhumi Bebostha O Samajik Somossa. |
| 260 ## - PUBLICATION, DISTRIBUTION, ETC. | |
| Place of publication, distribution, etc. | ঢাকা: |
| Name of publisher, distributor, etc. | কথা বিচিত্রা, |
| Date of publication, distribution, etc. | ১৯৮১। |
| 300 ## - PHYSICAL DESCRIPTION | |
| Extent | ২১৪ পৃষ্ঠা: |
| Dimensions | ২১ সে. মি.। |
| 504 ## - BIBLIOGRAPHY, ETC. NOTE | |
| Bibliography, etc. note | গ্রন্থপঞ্জি সংযুক্ত। |
| 600 ## - SUBJECT ADDED ENTRY--PERSONAL NAME | |
| Source of heading or term | বাংলাদেশ |
| 650 #0 - SUBJECT ADDED ENTRY--TOPICAL TERM | |
| 9 (RLIN) | 862 |
| Topical term or geographic name entry element | ভূমি ব্যবস্থা |
| General subdivision | সামাজিক সমস্যা |
| -- | সমাজ বিজ্ঞান |
| 942 ## - ADDED ENTRY ELEMENTS (KOHA) | |
| Source of classification or shelving scheme | Dewey Decimal Classification |
| Koha item type | Books |
| Withdrawn status | Lost status | Source of classification or shelving scheme | Damaged status | Not for loan | Collection code | Home library | Current library | Shelving location | Date acquired | Total Checkouts | Full call number | Barcode | Date last seen | Copy number | Price effective from | Koha item type |
|---|---|---|---|---|---|---|---|---|---|---|---|---|---|---|---|---|
| Dewey Decimal Classification | Non-fiction | Asiatic Society Library | Asiatic Society Library | General Stacks | 09/17/2020 | 300 ISB | 101173 | 09/17/2020 | C-1 | 09/17/2020 | Books | |||||
| Dewey Decimal Classification | Non-fiction | Asiatic Society Library | Asiatic Society Library | General Stacks | 09/17/2020 | 300 ISB | 101174 | 09/17/2020 | C-2 | 09/17/2020 | Books |